Vortex Methods : (Record no. 11272)
[ view plain ]
| 000 -LEADER | |
|---|---|
| fixed length control field | 01530cam a2200373 a 4500 |
| 001 - CONTROL NUMBER | |
| control field | 3102003 |
| 005 - DATE AND TIME OF LATEST TRANSACTION | |
| control field | 20240818092913.0 |
| 008 - FIXED-LENGTH DATA ELEMENTS--GENERAL INFORMATION | |
| fixed length control field | 990120s2000 enka b 001 0 eng |
| 010 ## - | |
| -- | 99012277 |
| 020 ## - INTERNATIONAL STANDARD BOOK NUMBER | |
| International Standard Book Number | 0521621860 |
| 020 ## - INTERNATIONAL STANDARD BOOK NUMBER | |
| International Standard Book Number | 0521061709 |
| 020 ## - INTERNATIONAL STANDARD BOOK NUMBER | |
| International Standard Book Number | 9780521621861 (hardback) |
| 020 ## - INTERNATIONAL STANDARD BOOK NUMBER | |
| International Standard Book Number | 9780521061704 (paperback) |
| 040 ## - CATALOGING SOURCE | |
| Original cataloging agency | DLC |
| Transcribing agency | DLC |
| Modifying agency | DLC |
| 050 00 - LIBRARY OF CONGRESS CALL NUMBER | |
| Classification number | QA925 |
| Item number | .C68 2000 |
| 082 00 - DEWEY DECIMAL CLASSIFICATION NUMBER | |
| Classification number | 532.05330 |
| Edition number | 21 |
| Item number | COT |
| 100 1# - MAIN ENTRY--PERSONAL NAME | |
| Personal name | Cottet, G.-H. |
| Fuller form of name | (Georges-Henri), |
| Dates associated with a name | 1956- |
| 9 (RLIN) | 3559 |
| 245 10 - TITLE STATEMENT | |
| Title | Vortex Methods : |
| Remainder of title | Theory and Practice / |
| Statement of responsibility, etc | Georges-Henri Cottet, Petros D. Koumoutsakos. |
| 260 ## - | |
| -- | Cambridge ; |
| -- | New York : |
| -- | Cambridge University Press, |
| -- | c2000. |
| 300 ## - PHYSICAL DESCRIPTION | |
| Extent | xiii, 313 p. : |
| Other physical details | ill. ; |
| Dimensions | 24 cm. |
| 336 ## - CONTENT TYPE | |
| Source | rdacontent |
| Content type term | text |
| Content type code | txt |
| 337 ## - MEDIA TYPE | |
| Media type term | unmediated |
| Source | rdamedia |
| Media type code | n |
| 338 ## - CARRIER TYPE | |
| Carrier type term | volume |
| Carrier type code | nc |
| Source | rdacarrier |
| 504 ## - BIBLIOGRAPHY, ETC. NOTE | |
| Bibliography, etc | Includes bibliographical references (p. 301-310) and index. |
| 650 #0 - SUBJECT ADDED ENTRY--TOPICAL TERM | |
| Topical term or geographic name as entry element | Navier-Stokes equations |
| General subdivision | Numerical solutions. |
| 9 (RLIN) | 3560 |
| 650 #0 - SUBJECT ADDED ENTRY--TOPICAL TERM | |
| Topical term or geographic name as entry element | Vortex-motion. |
| 9 (RLIN) | 3561 |
| 700 1# - ADDED ENTRY--PERSONAL NAME | |
| Personal name | Koumoutsakos, Petros D. |
| 9 (RLIN) | 3562 |
| 856 41 - ELECTRONIC LOCATION AND ACCESS | |
| Materials specified | Sample text |
| Uniform Resource Identifier | <a href="http://www.loc.gov/catdir/samples/cam032/99012277.html">http://www.loc.gov/catdir/samples/cam032/99012277.html</a> |
| 856 41 - ELECTRONIC LOCATION AND ACCESS | |
| Materials specified | Table of contents |
| Uniform Resource Identifier | <a href="http://www.loc.gov/catdir/toc/cam023/99012277.html">http://www.loc.gov/catdir/toc/cam023/99012277.html</a> |
| 856 42 - ELECTRONIC LOCATION AND ACCESS | |
| Materials specified | Publisher description |
| Uniform Resource Identifier | <a href="http://www.loc.gov/catdir/description/cam029/99012277.html">http://www.loc.gov/catdir/description/cam029/99012277.html</a> |
| 942 ## - ADDED ENTRY ELEMENTS (KOHA) | |
| Source of classification or shelving scheme | Dewey Decimal Classification |
| Koha item type | Book - Borrowing |
| Classification part | RDA-MOD |
| Withdrawn status | Lost status | Source of classification or shelving scheme | Damaged status | Not for loan | Collection code | Home library | Current library | Shelving location | Date acquired | Source of acquisition | Cost, normal purchase price | Serial Enumeration / chronology | Total Checkouts | Full call number | Barcode | Date last seen | Price effective from | Koha item type |
|---|---|---|---|---|---|---|---|---|---|---|---|---|---|---|---|---|---|---|
| Dewey Decimal Classification | Baccah | Central Library | Central Library | First floor | 09/04/2009 | 343.20 | 7117 | 532.05330 COT | 000015880 | 15/07/2025 | 09/04/2009 | Book - Borrowing |